000 00692nam a2200217Ia 4500
003 IN-BaIIA
008 211028s9999 xx 000 0 eng d
020 _a0-393-06402-6
040 _cIIA Library
080 _a523
_bMAN
245 0 _aMan and cosmos
_bnine Guggenheim lectures on the solar system
_cedited by James Cornell and E Nelson Hayes
260 _aNew York
_bW. W Norton
_c1975
300 _a191p.
650 _aAstronomy
_980
650 _aAstronomy and astrophysics thesaurus
650 _aCosmos
_910012
650 _aSolar system
700 _aCornell, James., ed.
_910013
700 _aHayes, E Nelson., ed.
_95838
942 _cBK
999 _c5781
_d5781